Tracks on Albums #9: The Stone Roses - Statistics

General Stats
  • This quiz has been taken 205 times
  • The average score is 8 of 11
Answer Stats
Track No. Answer % Correct
1 I Wanna Be Adored
95%
3 Waterfall
89%
11 I Am the Resurrection
84%
2 She Bangs the Drums
84%
8 Made of Stone
80%
6 Elizabeth My Dear
73%
10 This Is the One
71%
5 Bye Bye Badman
65%
7 (Song for My) Sugar Spun Sister
65%
4 Don't Stop
62%
9 Shoot You Down
48%
No matching quizzes found
Score Distribution
Percent of People with Each Score
Percentile by Number Answered
Your Score History
You have not taken this quiz